Concertación latinoamericana: arquitectura de integración e ingeniería de negocios /
La interdependencia económica entre los países latinoamericanos deja al descubierto la necesidad de integración o concertación y el estudio de sus experimientos crea la sensación de que América Latina en este marco de interdependencia está condenada a la fragmentación, muchos consideran que los merc...
Salvato in:
| Autore principale: | |
|---|---|
| Natura: | testo |
| Soggetti: | |
| Tags: |
Aggiungi Tag
Nessun Tag, puoi essere il primo ad aggiungerne!!
|
MARC
| LEADER | 00000 a a2200000 04500 | ||
|---|---|---|---|
| 001 | 41965 | ||
| 003 | |||
| 040 | |||
| 100 | |a Peña, Félix | ||
| 245 | |a Concertación latinoamericana: |b arquitectura de integración e ingeniería de negocios / |c Félix Peña | ||
| 520 | |a La interdependencia económica entre los países latinoamericanos deja al descubierto la necesidad de integración o concertación y el estudio de sus experimientos crea la sensación de que América Latina en este marco de interdependencia está condenada a la fragmentación, muchos consideran que los mercados de la región siguen siendo marginales, lo cual desincentiva los intentos de integración económica. El autor analiza los intentos de integración económica y política: Mercado Común Centroamericano, Contadora, ASEAN, SELA, la concertación externa: UNTAD, GATT, ALADI, etc.; a nivel empresarial, ALALC y MCCA; los factores que propiciaron estos intentos de concertación, los beneficios, los factores limitantes de esta participación, su relación con el comercio, las inversiones y la actual coyuntura económica. El autor llega a la conclusión que el desarrollo de un sistema de interdependencia latinoamericano basado en la cooperación económica, es un proceso a largo plazo, que desborda el ámbito de acción de los Estados y de los actores sociales; que se ha recurrido a métodos bilaterales o sectoriales formales para diseñar sistemas e impulsar la cooperación e integración, pero que terminan siendo no funcionales. Recomienda además, primero: la elaboración en cada país y conjuntamente de estrategias de desarrollo del comercio exterior y segundo, fortalecer la capacidad promotora de negocios de la región a través de apoyo financiero y técnico para el desarrollo de la intermediación entre oportunidades de negocios existentes, con el objetivo de concretar la movilización en el desarrollo y el aprovechamiento de los mercados de la región, a través del consumo y la inversión. AR/JM | ||
| 650 | |a RELACIONES INTERNACIONALES | ||
| 650 | |a RELACIONES MULTILATERALES | ||
| 650 | |a COOPERACION ECONOMICA | ||
| 650 | |a INTEGRACION ECONOMICA | ||
| 650 | |a LIBRE COMERCIO | ||
| 650 | |a NUEVO ORDEN ECONOMICO INTERNACIONAL | ||
| 650 | |a ORGANIZACIONES AMERICANAS | ||
| 773 | |g páginas 216-253 | ||
| 999 | |c 33640 |d 33640 | ||
| 773 | 0 | |0 14558 |9 3537 |d Argentina : Grupo Editor Latinoamericano |o 12743 |t Nuevas formas de concertación regional en América Latina / |w (cru CIDCACS/IIS)327 |z 950-694-081-9 | |



